Normal view
MARC view
- Carroll.L.
Entry Personal Name
001 - CONTROL NUMBER
- control field: 4698
003 - CONTROL NUMBER IDENTIFIER
- control field: OSt
005 - DATE AND TIME OF LATEST TRANSACTION
- control field: 20171213115933.0
008 - FIXED-LENGTH DATA ELEMENTS
- fixed length control field: 171213|| aca||aabn | a|a d
040 ## - CATALOGING SOURCE
- Original cataloging agency: OSt
- Transcribing agency: OSt
100 ## - HEADING--PERSONAL NAME
- Personal name: Carroll.L.
670 ## - SOURCE DATA FOUND
- Source citation: Work cat.: (OSt): Carroll.L., Alice in Wonderland, 1992